00459nam a22001217a 4500008004100000082001800041100007900059110004500138245006300183260006900246300000800315440001400323230619b xxu||||| |||| 00| 0 eng d a304.67bMOPND coffice of the vice president Ministry of planning and National development bCentral Bureau of StatisticsdApril 1996 aKenya Population Census 1989bAnalytical Report Volume 10 aKenyabMinistry of planning and National developmentcApril 1996 a95p vvolume 10